[Event "Ch Baden (MA)"]
[Site "masterchessopen.com Viernheim (Germany)"]
[Round "3"]
[White "Neunhoeffer Helmut Dr (GER)"]
[Black "Kiefer Gerhard (GER)"]
[Result "1-0"]
[WhiteElo "2279"]
[BlackElo "2257"]

1.d4 Nf6 2.c4 e6 3.Nc3 Bb4 4.a3 Bxc3+ 5.bxc3 c5 6.f3 d5 7.cxd5 exd5 8.e3 O-O
9.Bd3 Nc6 10.Ne2 Nh5 11.O-O c4 12.Bb1 f5 13.Ra2 Be6 14.Qe1 b5 15.h3 g5 16.g4
Ng7 17.Ng3 Qd6 18.Rh2 Ne7 19.f4 gxf4 20.exf4 Ng6 21.g5 Rae8 22.h4 Bd7 23.Qf2
Ne7 24.h5 h6 25.Kh1 Kh8 26.Ne2 Nc6 27.Ng1 Re4 28.Nf3 Rfe8 29.Ne5 {#r} 1-0

[Event "Zt"]
[Site "masterchessopen.com Gausdal (Norway)"]
[Round "0"]
[White "Ernst Thomas (SWE)"]
[Black "Hansen Curt (DEN)"]
[Result "0-1"]
[WhiteElo "2450"]
[BlackElo "2500"]

1.d4 Nf6 2.c4 e6 3.Nc3 Bb4 4.a3 Bxc3+ 5.bxc3 c5 6.f3 d5 7.cxd5 Nxd5 8.dxc5 f5
9.Qc2 f4 10.Bxf4 Nxf4 11.Qa4+ Nc6 12.Qxf4 e5 13.Qa4 Qe7 14.Qb5 a6 15.Qb6 e4
16.g3 exf3 17.Nxf3 O-O 18.Bg2 Qe3 19.Qb2 Bg4 20.Qd2 Qxc5 21.Nd4 Bxe2 22.Kxe2
Nxd4+ 23.Qxd4 Rae8+ 24.Be4 Qh5+ 25.g4 Qg6 26.Ke3 Qg5+ 27.Ke2 Rf4 28.Kd3 Rd8
29.h3 Rf2 30.Rad1 Qb5+ {#R} 0-1

[Event "Ch Netherlands"]
[Site "masterchessopen.com Hilversum (Netherlands)"]
[Round "3"]
[White "Ree Hans (NED)"]
[Black "Ligterink Gert (NED)"]
[Result "0-1"]
[WhiteElo "2465"]
[BlackElo "2450"]

1.d4 Nf6 2.c4 e6 3.Nc3 Bb4 4.a3 Bxc3+ 5.bxc3 c5 6.f3 d5 7.cxd5 Nxd5 8.dxc5 f5
9.Nh3 O-O 10.c4 Nf6 11.Qxd8 Rxd8 12.Nf2 Nc6 13.e3 Nd7 14.Nd3 e5 15.Bb2 e4
16.fxe4 fxe4 17.Nf4 Nxc5 18.Rd1 Rxd1+ 19.Kxd1 Bg4+ 20.Kc2 Rd8 21.Nd5 Rf8
22.Bc3 Rf2+ 23.Bd2 Na5 24.Kc3 b6 25.Nb4 Nab3 26.Be1 Bd1 27.Na6 Na4+ 28.Kb4 Rb2
29.Bc3 Rb1 {#R} 0-1

[Event "Ch Bayern (b)"]
[Site "masterchessopen.com Bayern (Germany)"]
[Round "0"]
[White "Wallinger Manfred (GER)"]
[Black "Hofstetter Hans-Joachim Dr (GER)"]
[Result "0-1"]
[WhiteElo "2150"]
[BlackElo "2234"]

1.d4 Nf6 2.c4 e6 3.Nc3 Bb4 4.f3 d5 5.a3 Bxc3+ 6.bxc3 c5 7.cxd5 Nxd5 8.Qd3 cxd4
9.cxd4 Nc6 10.e4 Nb6 11.Be3 O-O 12.Rd1 Bd7 13.Nh3 Na5 14.e5 h6 15.Qe4 Nd5
16.Bxh6 gxh6 17.Qg4+ Kh8 18.Qh5 Qe7 19.Qxh6+ Kg8 20.f4 f6 21.Rd3 Rf7 22.exf6
Qxf6 23.Qh5 Rc8 24.Be2 Rc1+ 25.Bd1 Qf5 26.Qxf5 exf5 27.Kd2 Ra1 28.Re1 Nc4+
{#R} 0-1

[Event "It (open) \"]
[Site "masterchessopen.com Farum (Denmark)"]
[Round "6"]
[White "Brinck-Claussen Bjorn (DEN)"]
[Black "Kruszynski Wlodzimierz (POL)"]
[Result "1-0"]
[WhiteElo "2263"]
[BlackElo "2314"]

1.d4 Nf6 2.c4 e6 3.Nc3 Bb4 4.a3 Bxc3+ 5.bxc3 c5 6.f3 d5 7.cxd5 exd5 8.e3 O-O
9.Bd3 Re8 10.Ne2 b6 11.O-O Bb7 12.Ng3 Nc6 13.Ra2 Ne7 14.e4 cxd4 15.e5 Nd7
16.cxd4 Nc6 17.Nf5 Re6 18.f4 Nf8 19.Nxg7 Kxg7 20.f5 Re8 21.Qg4+ Ng6 22.fxg6
fxg6 23.Raf2 Bc8 24.Qf4 Be6 25.Bxg6 hxg6 26.Qh6+ Kg8 27.Qxg6+ Kh8 28.Rf7 Bxf7
29.Rxf7 {#r} 1-0

[Event "?"]
[Site "masterchessopen.com Moscow (Russia)"]
[Round "0"]
[White "Bykhovsky Avigdor (RUS)"]
[Black "Solozhenkin Evgeniy (RUS)"]
[Result "1-0"]
[WhiteElo "2434"]
[BlackElo "2489"]

1.d4 Nf6 2.c4 e6 3.Nc3 Bb4 4.f3 d5 5.a3 Bxc3+ 6.bxc3 c5 7.cxd5 exd5 8.e3 Bf5
9.Ne2 O-O 10.g4 Bg6 11.h4 h5 12.g5 Ne8 13.Nf4 Nc7 14.Bd3 Qd6 15.Kf2 Bxd3
16.Qxd3 g6 17.dxc5 Qc6 18.Bb2 Qa6 19.c4 Qxc4 20.Rhd1 Qxd3 21.Rxd3 Nba6 22.Nxd5
Nxd5 23.Rxd5 Rac8 24.Bd4 Rc7 25.Rd1 Re8 26.e4 Rec8 27.Be5 Rxc5 28.Rd8+ Kh7
29.f4 {#r} 1-0

[Event "Ch Ukraine (1/2 final)"]
[Site "masterchessopen.com Ukraine"]
[Round "0"]
[White "Podat Vladimir (UKR)"]
[Black "Gurevich Vladimir (UKR)"]
[Result "0-1"]
[WhiteElo "2318"]
[BlackElo "2474"]

1.d4 Nf6 2.c4 e6 3.Nc3 Bb4 4.f3 d5 5.a3 Bxc3+ 6.bxc3 c5 7.cxd5 Nxd5 8.dxc5 Qa5
9.e4 Nc7 10.Qd4 f6 11.Qb4 Nc6 12.Qb3 Qxc5 13.a4 O-O 14.Nh3 Rd8 15.Nf2 Kh8
16.Nd3 Qe7 17.Ba3 Qe8 18.e5 fxe5 19.Rd1 Nd5 20.Nf2 Bd7 21.Ne4 Na5 22.Qb2 Bxa4
23.Rc1 Ne3 24.Qb4 Nb3 25.Kf2 Nd5 26.Qxb7 Nxc1 27.Bxc1 Bc6 28.Qa6 Nf4 29.g3
Bxe4 30.fxe4 Nh5 31.Be2 Nf6 32.Bf3 Qf7 33.Kg2 Qc7 34.Bg5 Qxc3 35.Rf1 Qb2+
36.Rf2 Qb6 37.Qa2 Rab8 38.Bxf6 gxf6 39.Bg4 Rd6 {#R} 0-1

[Event "It"]
[Site "masterchessopen.com Nikolaev (Ukraine)"]
[Round "0"]
[White "Moskalenko Viktor (UKR)"]
[Black "Karpman Vadim (UKR)"]
[Result "1-0"]
[WhiteElo "2435"]
[BlackElo "2382"]

1.d4 Nf6 2.c4 e6 3.Nc3 Bb4 4.f3 d5 5.a3 Bxc3+ 6.bxc3 c5 7.cxd5 Nxd5 8.dxc5 f5
9.e4 fxe4 10.Qc2 O-O 11.fxe4 Nf4 12.Nf3 Qc7 13.Be3 Nd7 14.Bc4 Nxc5 15.O-O Bd7
16.e5 Ng6 17.Bd4 Rf4 18.h4 Rg4 19.Ng5 Rxh4 20.Qf5 Kh8 21.Qf7 Rg4 22.Nxe6 Rxg2+
23.Kh1 Nxe6 24.Bxe6 Qd8 25.Qxd7 Qg5 26.Qxb7 {#r} 1-0

[Event "Ch URS"]
[Site "masterchessopen.com URS"]
[Round "0"]
[White "Moskalenko Viktor (UKR)"]
[Black "Yakovich Yuri (RUS)"]
[Result "1-0"]
[WhiteElo "2435"]
[BlackElo "2450"]

1.d4 Nf6 2.c4 e6 3.Nc3 Bb4 4.f3 d5 5.a3 Bxc3+ 6.bxc3 c5 7.cxd5 Nxd5 8.dxc5 Qa5
9.e4 Nc7 10.Qd4 f6 11.Be3 Nc6 12.Qc4 e5 13.Qb3 Be6 14.Qxb7 O-O 15.Qxc6 Rfd8
16.Kf2 Bd7 17.Qb7 Rab8 18.Bc4+ Kh8 19.Qb4 Rxb4 20.cxb4 Qa4 21.Ne2 Bb5 22.Bxb5
Nxb5 23.Rhc1 a5 24.c6 Rc8 25.bxa5 Nd4 26.Nxd4 exd4 27.Bd2 h5 28.Rab1 Qxa3
29.c7 Qd6 30.Rb6 Qxh2 31.f4 {#r} 1-0

[Event "It (open)"]
[Site "masterchessopen.com Bern (Switzerland)"]
[Round "0"]
[White "Cochet Jean-Daniel (SUI)"]
[Black "Jukic Mirko (CRO)"]
[Result "0-1"]
[WhiteElo "2059"]
[BlackElo "2470"]

1.d4 Nf6 2.c4 e6 3.Nc3 Bb4 4.a3 Bxc3+ 5.bxc3 c5 6.f3 d5 7.cxd5 Nxd5 8.dxc5 Qa5
9.e4 Nc7 10.Qd4 f6 11.Qb4 Nc6 12.Qxa5 Nxa5 13.Rb1 Bd7 14.Be3 O-O-O 15.a4 e5
16.Rb4 Kb8 17.Kf2 Rc8 18.Bb5 Rhd8 19.Ne2 a6 20.c6 Bxc6 21.Bxc6 Nxc6 22.Rb6 Rd7
23.Rhb1 Na8 24.R6b2 Na5 25.Rb4 Nc4 26.Bc1 Rc6 27.Be3 Kc8 28.g4 a5 29.R4b3 b6
30.h4 Rd3 31.Bc1 Nc7 32.Kg2 Ne6 33.Ba3 Rd2 34.Kf1 Ra2 35.Bc1 Rxa4 36.h5 Ra2
37.Ng3 Rd6 38.Ke1 Nc5 39.Rb5 Nd3+ 40.Kf1 Rc2 41.Nf5 Rd7 42.Be3 g6 43.Rd5 gxf5
{#R} 0-1

[Event "corr."]
[Site "masterchessopen.com Argentina"]
[Round "0"]
[White "Varga Mariano (ARG)"]
[Black "Escandell Juan C (ESP)"]
[Result "0-1"]
[WhiteElo "2143"]
[BlackElo "2276"]

1.d4 Nf6 2.c4 e6 3.Nc3 Bb4 4.a3 Bxc3+ 5.bxc3 c5 6.f3 d5 7.cxd5 Nxd5 8.dxc5 f5
9.e4 fxe4 10.c4 Qf6 11.Bd2 e3 12.Ba5 Nc6 13.cxd5 Nxa5 14.Bb5+ Kf7 15.Ne2 exd5
16.O-O Be6 17.Nd4 Rhd8 18.Qd3 Nc4 19.Rfe1 a6 20.Nxe6 Qxe6 21.Bxc4 dxc4 22.Qxh7
Qe5 23.Rab1 b5 24.cxb6 Rh8 25.b7 Rab8 26.f4 Qxf4 27.Qxh8 Qf2+ 28.Kh1 Rxh8
29.Rf1 Qxf1+ 30.Rxf1+ Ke6 31.Rb1 c3 32.Kg1 Rb8 33.Kf1 Kd5 34.Ke2 c2 35.Rc1 Kd4
36.Rxc2 Rxb7 37.Rc6 Rb2+ 38.Kd1 Rxg2 39.Rxa6 Rxh2 40.Rg6 Kd3 41.Rd6+ Ke4
42.Rd7 g5 43.Re7+ Kf3 44.Rf7+ Kg3 45.Re7 g4 {#R} 0-1

[Event "It (open)"]
[Site "masterchessopen.com Bern (Switzerland)"]
[Round "0"]
[White "Ernst Thomas (SWE)"]
[Black "Barbero Gerardo F (ARG)"]
[Result "0-1"]
[WhiteElo "2460"]
[BlackElo "2475"]

1.d4 Nf6 2.c4 e6 3.Nc3 Bb4 4.a3 Bxc3+ 5.bxc3 c5 6.f3 d5 7.cxd5 exd5 8.e3 Bf5
9.g4 Bd7 10.Bd3 Qc7 11.Ne2 Nc6 12.Bd2 O-O-O 13.h4 Rhe8 14.Kf1 Na5 15.Rb1 Bc6
16.Kf2 g6 17.Qg1 Nc4 18.Bxc4 dxc4 19.Nf4 Qd6 20.g5 Nd7 21.Qh2 Ne5 22.Ng2 cxd4
23.exd4 Nd3+ 24.Kf1 Qxa3 25.Ne1 Qa2 26.Rd1 Nxe1 27.Rxe1 Rxe1+ 28.Bxe1 Qxh2
29.Rxh2 Bxf3 30.Rb2 f5 31.gxf6 Rf8 32.Bg3 Rxf6 33.Kg1 Bc6 34.Re2 Kd7 35.Re5 b6
36.Kh2 Rf3 37.Be1 Rd3 38.h5 a5 39.hxg6 hxg6 40.Re2 a4 41.Kg1 b5 42.Re5 a3
43.Re2 Rd1 44.Kf2 Rb1 {#R} 0-1

[Event "Ch West Scotland"]
[Site "masterchessopen.com Clarkston (Scotland)"]
[Round "0"]
[White "Giulian Philip M (SCO)"]
[Black "Thomson Craig S M (SCO)"]
[Result "0-1"]
[WhiteElo "2294"]
[BlackElo "2293"]

1.d4 Nf6 2.c4 e6 3.Nc3 Bb4 4.f3 d5 5.a3 Bxc3+ 6.bxc3 c5 7.cxd5 Nxd5 8.dxc5 Qa5
9.e4 Nc7 10.Be3 Nc6 11.Qb3 O-O 12.Bc4 Na6 13.Bb5 Bd7 14.Ne2 Ne5 15.Bxd7 Nxd7
16.Qxb7 Naxc5 17.Qb1 Qa6 18.Nc1 Rab8 19.Qc2 Qc4 20.Kf2 Na4 21.Nd3 Rb3 22.Bd2
Ndc5 23.Nxc5 Qxc5+ 24.Be3 Qc4 25.Rhb1 Rxc3 26.Qd1 Rc2+ 27.Kg1 Nc3 {#R} 0-1

[Event "It (open) \"]
[Site "masterchessopen.com Cologne (Germany)"]
[Round "3"]
[White "Hubert Ralf (GER)"]
[Black "Fischer Michael (GER)"]
[Result "1-0"]
[WhiteElo "2293"]
[BlackElo "2108"]

1.d4 Nf6 2.c4 e6 3.Nc3 Bb4 4.a3 Bxc3+ 5.bxc3 c5 6.f3 d5 7.cxd5 Nxd5 8.dxc5 f5
9.e4 fxe4 10.Qc2 e3 11.Bd3 Nc6 12.Ne2 Qh4+ 13.Ng3 O-O 14.O-O Ne5 15.Be4 b5
16.a4 Bd7 17.Re1 Nc4 18.Qd3 Rfe8 19.c6 Bxc6 20.axb5 Bxb5 21.Bxd5 Rad8 22.Qe4
{#r} 1-0

[Event "It (open) \"]
[Site "masterchessopen.com Copenhagen (Denmark)"]
[Round "7"]
[White "Brinck-Claussen Bjorn (DEN)"]
[Black "Schandorff Lars (DEN)"]
[Result "1-0"]
[WhiteElo "2263"]
[BlackElo "2494"]

1.d4 Nf6 2.c4 e6 3.Nc3 Bb4 4.a3 Bxc3+ 5.bxc3 c5 6.f3 d5 7.cxd5 Nxd5 8.dxc5 Qa5
9.e4 Ne7 10.Be3 Qxc3+ 11.Kf2 O-O 12.Ne2 Qa5 13.Qd2 Qxd2 14.Bxd2 Nd7 15.Rc1 Nc6
16.Be3 Nce5 17.Nf4 b6 18.c6 Nb8 19.c7 Nbc6 20.Nd3 f6 21.Nxe5 Nxe5 22.f4 Ng4+
23.Kf3 Nxe3 24.Kxe3 Kf7 25.Bc4 Ke7 26.f5 a6 27.g4 g6 28.fxe6 Bxe6 29.Bxe6 Kxe6
30.Rhd1 Ke7 31.Rc6 Rfc8 32.Rdd6 Rxc7 33.Re6+ Kd7 34.Rcd6+ Kc8 35.Rxb6 Rc3+
36.Kd4 Rxa3 37.Re7 Ra1 38.Rxf6 Rd1+ 39.Ke5 Rb8 40.Rxa6 Rb5+ 41.Ke6 Kb8 42.Rxh7
Rd4 43.Kf6 Rxe4 44.g5 {#r} 1-0

[Event "It"]
[Site "masterchessopen.com Frunze (Kyrgyzstan)"]
[Round "0"]
[White "Yurtaev Leonid (KGZ)"]
[Black "Makarichev Sergey (RUS)"]
[Result "1-0"]
[WhiteElo "2510"]
[BlackElo "2510"]

1.d4 Nf6 2.c4 e6 3.Nc3 Bb4 4.a3 Bxc3+ 5.bxc3 c5 6.f3 d5 7.cxd5 Nxd5 8.dxc5 Qa5
9.e4 Nc7 10.Be3 O-O 11.Qb3 Nca6 12.Rd1 Nd7 13.Bxa6 Qxa6 14.Rd6 b6 15.Bd4 Qd3
16.Ne2 bxc5 17.Nf4 Rb8 18.Qxb8 Qc2 19.Qc7 Qc1+ 20.Kf2 Qxh1 21.Rxd7 Bxd7
22.Bxc5 Bb5 23.Bxf8 Qf1+ 24.Kg3 g5 25.Nh3 Kxf8 26.Nxg5 {#r} 1-0

[Event "It (open)"]
[Site "masterchessopen.com Lyngby (Denmark)"]
[Round "0"]
[White "Knudsen Per (DEN)"]
[Black "Neumann Joachim (GER)"]
[Result "1-0"]
[WhiteElo "2326"]
[BlackElo "2134"]

1.d4 Nf6 2.c4 e6 3.Nc3 Bb4 4.f3 d5 5.a3 Bxc3+ 6.bxc3 c5 7.cxd5 Nxd5 8.dxc5 f5
9.e4 fxe4 10.Qc2 O-O 11.fxe4 Qh4+ 12.g3 Qf6 13.Bg2 Qxc3+ 14.Qxc3 Nxc3 15.Bf4
Bd7 16.Rc1 Nb5 17.Nf3 Nxa3 18.Bd6 Rc8 19.c6 Nxc6 20.Bxa3 b5 21.O-O b4 22.Bb2
a5 23.Rfd1 Be8 24.Bh3 Nd8 25.Ng5 a4 26.Rxc8 Rxc8 27.Nxe6 Rc2 28.Rxd8 Rxb2
29.Rxe8+ Kf7 30.Ra8 b3 31.Rxa4 Rc2 32.Ra7+ Kf6 33.Rxg7 b2 34.Rb7 Rc1+ 35.Kg2
b1=Q 36.Rxb1 Rxb1 37.Bf5 Rb2+ 38.Kh3 h6 39.g4 Rb3+ 40.Kg2 Ke5 41.h3 Rb2+
42.Kf3 Rb3+ 43.Ke2 Rxh3 44.g5 Rh4 45.g6 Kf6 46.g7 Kf7 47.Bh7 Rg4 48.g8=Q+ {#r}
1-0

[Event "Ch Great Britain"]
[Site "masterchessopen.com Plymouth (England)"]
[Round "0"]
[White "Flear Glenn C (ENG)"]
[Black "Dunworth Christopher (ENG)"]
[Result "1-0"]
[WhiteElo "2430"]
[BlackElo "2265"]

1.d4 Nf6 2.c4 e6 3.Nc3 Bb4 4.f3 d5 5.a3 Bxc3+ 6.bxc3 c5 7.cxd5 exd5 8.e3 Bf5
9.Ne2 Nc6 10.g4 Nxg4 11.fxg4 Qh4+ 12.Kd2 Be4 13.Rg1 Qxh2 14.Qe1 Na5 15.Kd1 O-O
16.Qg3 Qh6 17.Bg2 Qa6 18.Bxe4 dxe4 19.Ke1 Nb3 20.Rb1 Nxc1 21.Rxc1 cxd4 22.cxd4
Rac8 23.Rxc8 Rxc8 24.Qe5 Qc6 25.Kf2 Re8 26.Rc1 Qd7 27.Rc7 Qd8 28.Qf4 Rf8
29.Rxb7 Qh4+ 30.Kg2 Qe1 31.Ng3 Qd2+ 32.Kh3 Qa5 33.Nf5 Qxa3 34.Qe5 {#r} 1-0

[Event "Memorial J.Capablanca (a)"]
[Site "masterchessopen.com Habana (Cuba)"]
[Round "0"]
[White "Arencibia Walter (CUB)"]
[Black "Franco Ocampos Zenon (PAR)"]
[Result "1-0"]
[WhiteElo "2425"]
[BlackElo "2495"]

1.d4 Nf6 2.c4 e6 3.Nc3 Bb4 4.f3 d5 5.a3 Bxc3+ 6.bxc3 c5 7.cxd5 Nxd5 8.dxc5 Qa5
9.e4 Ne7 10.Be3 O-O 11.Qb3 Qc7 12.Nh3 e5 13.Nf2 Nec6 14.Rb1 Na5 15.Qa4 Bd7
16.Bb5 Be6 17.O-O a6 18.Be2 Nd7 19.Qb4 Rac8 20.c6 bxc6 21.Bxa6 Rb8 22.Qe7 Rbe8
23.Qh4 Ra8 24.Be2 Nb3 25.Ng4 f6 26.f4 Rxa3 27.f5 Bf7 28.Rf3 Rfa8 29.Nh6+ gxh6
30.Rf2 {#r} 1-0

[Event "Ch Ukraine (1/2 final)"]
[Site "masterchessopen.com Kherson (Ukraine)"]
[Round "0"]
[White "Ponomariov Boris (UKR)"]
[Black "Brodsky Michail (UKR)"]
[Result "1-0"]
[WhiteElo "2430"]
[BlackElo "2553"]

1.d4 Nf6 2.c4 e6 3.Nc3 Bb4 4.f3 d5 5.a3 Bxc3+ 6.bxc3 c5 7.cxd5 Nxd5 8.dxc5 Qa5
9.e4 Ne7 10.Be3 O-O 11.Qb3 Qc7 12.Rd1 Nec6 13.f4 Na5 14.Qc2 Nd7 15.Nf3 Nxc5
16.e5 h6 17.h4 Qc6 18.Rd4 Qc7 19.Ng5 g6 20.h5 hxg5 21.hxg6 fxg6 22.Rh6 g4
23.Rxg6+ Kh8 24.g3 Qh7 25.f5 Nc6 26.Rh6 Nxe5 27.Rxh7+ Kxh7 28.f6+ Kh8 29.Rxg4
{#r} 1-0

[Event "Ch URS (club)"]
[Site "masterchessopen.com Podolsk (Russia)"]
[Round "0"]
[White "Yurtaev Leonid (KGZ)"]
[Black "Utemov Vladimir (RUS)"]
[Result "1-0"]
[WhiteElo "2472"]
[BlackElo "2385"]

1.d4 Nf6 2.c4 e6 3.Nc3 Bb4 4.a3 Bxc3+ 5.bxc3 c5 6.f3 d5 7.cxd5 Nxd5 8.dxc5 f5
9.Nh3 O-O 10.c4 Nf6 11.Qxd8 Rxd8 12.Nf2 Nc6 13.e3 e5 14.Bb2 Be6 15.Nd3 Nd7
16.Rc1 e4 17.fxe4 fxe4 18.Nf4 Bf7 19.Be2 Nxc5 20.O-O Rd2 21.Bc3 Ra2 22.Ra1 Rc2
23.Rfc1 Rxe2 24.Nxe2 Nb3 25.Ng3 Bxc4 26.Nxe4 Rd8 27.Rcb1 Nxa1 28.Rxb7 Rd1+
29.Kf2 Rf1+ 30.Kg3 Nc2 31.Rxg7+ Kf8 32.Rc7 Bd5 33.Ng5 Ke8 34.e4 Kd8 35.Rxh7
Bb3 36.h4 Ne3 37.h5 Rc1 38.Bf6+ Kc8 39.h6 Rc2 40.Rg7 Rxg2+ 41.Kf3 Rh2 42.h7
Nf1 43.Rg8+ Kb7 44.h8=Q Bd1+ 45.Kf4 Rf2+ 46.Nf3 Rxf3+ 47.Kg5 Rg3+ 48.Kh4 {#r}
1-0

[Event "It (open)"]
[Site "masterchessopen.com Stockholm (Sweden)"]
[Round "0"]
[White "Hartman Christer (SWE)"]
[Black "Brynell Stellan (SWE)"]
[Result "0-1"]
[WhiteElo "2329"]
[BlackElo "2491"]

1.d4 e6 2.c4 Nf6 3.Nc3 Bb4 4.a3 Bxc3+ 5.bxc3 c5 6.f3 d5 7.cxd5 Nxd5 8.dxc5 f5
9.e4 fxe4 10.Qc2 e3 11.Bd3 Nd7 12.g3 Qa5 13.Ne2 Ne5 14.Be4 Bd7 15.f4 Ng4
16.O-O Qxc5 17.c4 Ndf6 18.Bxb7 Rb8 19.Bf3 O-O 20.Bb2 Bc6 21.Bd4 Qh5 22.h4 Bxf3
23.Rxf3 Rfd8 24.Kg2 Qa5 25.Ra2 Qa6 26.Bxe3 Qc6 27.Bg1 e5 28.Qc1 Rd3 29.Qf1
Rbb3 {#R} 0-1

[Event "Ch Uzbekistan"]
[Site "masterchessopen.com Tashkent (Uzbekistan)"]
[Round "0"]
[White "Safin Shukhrat (UZB)"]
[Black "Teplitsky Yan (CAN)"]
[Result "1-0"]
[WhiteElo "2472"]
[BlackElo "2448"]

1.d4 Nf6 2.c4 e6 3.Nc3 Bb4 4.f3 d5 5.a3 Bxc3+ 6.bxc3 c5 7.cxd5 Nxd5 8.dxc5 f5
9.Qd3 f4 10.Nh3 Qh4+ 11.g3 fxg3 12.hxg3 Qxg3+ 13.Nf2 h6 14.Rh3 Qc7 15.Ne4 O-O
16.Rg3 Ne7 17.Bh3 Kh8 18.Kf2 Nf5 19.Bxf5 exf5 20.Bxh6 Rf7 21.Rh1 Kg8 22.Bxg7
{#r} 1-0

[Event "Ch USA (corr.)"]
[Site "masterchessopen.com USA"]
[Round "0"]
[White "Crispin Thomas A (USA)"]
[Black "Lonoff Marc (USA)"]
[Result "1-0"]
[WhiteElo "2198"]
[BlackElo "2260"]

1.d4 e6 2.c4 Nf6 3.Nc3 Bb4 4.f3 d5 5.a3 Bxc3+ 6.bxc3 c5 7.cxd5 Nxd5 8.dxc5 Qa5
9.e4 Ne7 10.Be3 Qxc3+ 11.Kf2 Nbc6 12.Ne2 Qa5 13.Nf4 O-O 14.h4 Rd8 15.Qc1 e5
16.Nh5 Be6 17.Rb1 Rd7 18.Rb5 Qd8 19.Bh6 Rd1 20.Qg5 Ng6 21.Nxg7 Bc4 22.Qxd8+
Raxd8 23.Bxc4 Rxh1 24.Nf5 Rd7 25.Bd5 Nd8 26.g3 a6 27.Rb6 Rh2+ 28.Ke3 Rc2
29.Bg5 Rc3+ 30.Ke2 Rc2+ 31.Ke1 Rxc5 32.h5 Nf8 33.Ne7+ {#r} 1-0

[Event "It"]
[Site "masterchessopen.com Voskresensk (Russia)"]
[Round "0"]
[White "Khenkin Igor (GER)"]
[Black "Ulibin Mikhail (RUS)"]
[Result "0-1"]
[WhiteElo "2624"]
[BlackElo "2460"]

1.d4 e6 2.c4 Nf6 3.Nc3 Bb4 4.f3 d5 5.a3 Bxc3+ 6.bxc3 c5 7.cxd5 Nxd5 8.Qd3 Nc6
9.e4 Nb6 10.Be3 cxd4 11.cxd4 O-O 12.Be2 Bd7 13.Nh3 Na5 14.Bg5 f6 15.Bd2 Nbc4
16.Bb4 Re8 17.Nf4 Rc8 18.O-O Bb5 19.d5 Qb6+ 20.Rf2 e5 21.Nh5 Nd6 22.Qd1 Bxe2
23.Qxe2 Nb3 24.Rb1 Nd4 25.Qd3 Rc2 26.Rff1 Rec8 27.Kh1 R8c7 28.f4 a5 29.fxe5
fxe5 30.Qg3 axb4 31.Nf6+ Kh8 32.Nd7 N4f5 33.Nxb6 Nxg3+ 34.hxg3 Kg8 35.Rxb4 Re2
36.Ra4 h5 37.Rd1 Rcc2 38.Rg1 Nxe4 39.Kh2 {#R} 0-1

[Event "It (open)"]
[Site "masterchessopen.com Amantea (Italy)"]
[Round "0"]
[White "Malaniuk Vladimir P (UKR)"]
[Black "Ortega Lexy (ITA)"]
[Result "1-0"]
[WhiteElo "2510"]
[BlackElo "2410"]

1.d4 Nf6 2.c4 e6 3.Nc3 Bb4 4.f3 d5 5.a3 Bxc3+ 6.bxc3 c5 7.cxd5 Nxd5 8.Qd3 O-O
9.e4 Ne7 10.Be3 Nbc6 11.dxc5 Qa5 12.Qc2 Ne5 13.Ne2 Nc4 14.Bf2 b6 15.Nd4 Ba6
16.a4 Qxc5 17.Nxe6 Ne3 18.Qd2 Nxf1 19.Bxc5 Nxd2 20.Bxe7 Rfc8 21.Kxd2 fxe6
22.a5 Kf7 23.Bb4 Rd8+ 24.Ke3 Rd3+ 25.Kf4 b5 26.Rhd1 Rad8 27.Rxd3 Rxd3 28.g4
Bc8 29.a6 e5+ 30.Kxe5 Rxf3 31.g5 h6 32.Rd1 hxg5 33.Rd8 Bg4 34.Ra8 Kg6 35.Rxa7
Rf6 36.Ra8 Bd7 37.Rd8 Bc6 38.a7 Rf4 39.Rd6+ Rf6 40.Rxc6 {#r} 1-0

[Event "Match"]
[Site "masterchessopen.com Correze (France)"]
[Round "3"]
[White "Shirov Alexei (ESP)"]
[Black "Renet Olivier (FRA)"]
[Result "1-0"]
[WhiteElo "2610"]
[BlackElo "2485"]

1.d4 Nf6 2.c4 e6 3.Nc3 Bb4 4.f3 d5 5.a3 Bxc3+ 6.bxc3 c5 7.cxd5 Nxd5 8.Qd3 cxd4
9.cxd4 Nc6 10.e4 Nb6 11.Be3 O-O 12.Be2 Qh4+ 13.g3 Qe7 14.f4 f5 15.Nf3 fxe4
16.Qxe4 Nd5 17.Bc4 Kh8 18.O-O Nf6 19.Qd3 Bd7 20.Rae1 Qd6 21.Bd2 Rae8 22.f5 Nd5
23.fxe6 Bxe6 24.Ng5 Bg8 25.Rxe8 Rxe8 26.Qxh7+ Bxh7 27.Nf7+ Kg8 28.Nxd6 {#r}
1-0

[Event "It (open)"]
[Site "masterchessopen.com Espoo (Finland)"]
[Round "0"]
[White "Hurme Harri M (FIN)"]
[Black "Lindberg Bengt (SWE)"]
[Result "1-0"]
[WhiteElo "2258"]
[BlackElo "2414"]

1.d4 Nf6 2.c4 e6 3.Nc3 Bb4 4.a3 Bxc3+ 5.bxc3 c5 6.f3 d5 7.cxd5 Nxd5 8.dxc5 f5
9.Qc2 f4 10.g3 Nc6 11.Nh3 e5 12.Nf2 O-O 13.Bh3 Ne3 14.Qb3+ Kh8 15.Bxc8 Rxc8
16.Bxe3 fxe3 17.Ne4 Na5 18.Qb4 b6 19.Rd1 bxc5 20.Rxd8 cxb4 21.Rxf8+ Rxf8
22.axb4 Nc4 23.Kd1 Nd2 24.Kc2 Nxe4 25.fxe4 Kg8 26.Kd3 Rc8 27.Ra1 Rc7 28.Ra5
Re7 29.Kxe3 Kf7 30.c4 Rb7 31.b5 Ke7 32.Kd3 Kd8 33.c5 Rd7+ 34.Kc3 Kc8 35.c6 Re7
36.Kc4 Kb8 37.Ra3 Re8 38.Kd5 Rd8+ 39.Kxe5 Rd2 40.Rf3 Rb2 41.Kd6 Rd2+ 42.Rd3
Rxe2 43.e5 Kc8 44.e6 Rxh2 45.e7 Re2 46.Rd5 {#r} 1-0

[Event "Bundesliga 1990/91"]
[Site "masterchessopen.com Germany"]
[Round "0"]
[White "Hertneck Gerald (GER)"]
[Black "Ketzscher Roland (GER)"]
[Result "1-0"]
[WhiteElo "2555"]
[BlackElo "2085"]

1.d4 Nf6 2.c4 e6 3.Nc3 Bb4 4.f3 d5 5.a3 Bxc3+ 6.bxc3 c5 7.cxd5 Nxd5 8.Qd2 Qa5
9.e4 Qxc3 10.Bb2 Qxd2+ 11.Kxd2 Ne7 12.dxc5 O-O 13.Nh3 Rd8+ 14.Ke3 Nbc6 15.Bc4
e5 16.Ng5 Rf8 17.Rhf1 Ng6 18.Rad1 h6 19.Rd6 Nf4 20.Nxf7 Rxf7 21.g3 Nh5 22.f4
exf4+ 23.gxf4 Kf8 24.Bxf7 Kxf7 25.f5 Na5 26.Kd4 Nc6+ 27.Ke3 Na5 28.Rc1 Nf6
29.Bxf6 gxf6 30.e5 fxe5 31.Ke4 b6 32.cxb6 Bb7+ 33.Ke3 axb6 34.Rc7+ Kg8 35.Rg6+
Kf8 36.Rxh6 Nc4+ 37.Kf2 Bd5 38.Rh8+ Bg8 39.Rxc4 Kg7 40.Rch4 Rxa3 41.f6+ {#r}
1-0

[Event "Ch Hungary (team)"]
[Site "masterchessopen.com Hungary"]
[Round "0"]
[White "Varga Peter (HUN)"]
[Black "Ersek Erno (HUN)"]
[Result "1-0"]
[WhiteElo "2418"]
[BlackElo "2198"]

1.d4 Nf6 2.c4 e6 3.Nc3 Bb4 4.f3 d5 5.a3 Bxc3+ 6.bxc3 c5 7.cxd5 exd5 8.Bg5 O-O
9.e3 Re8 10.Qd2 Nbd7 11.Bd3 h6 12.Bh4 Qa5 13.Ne2 cxd4 14.cxd4 Qxd2+ 15.Kxd2 g5
16.Bg3 Nf8 17.h4 Kg7 18.hxg5 hxg5 19.Rh2 Ng6 20.Rah1 Bd7 21.Nc3 Rh8 22.Rxh8
Rxh8 23.Rxh8 Nxh8 24.Be5 Bc6 25.e4 Ng6 26.Bxf6+ Kxf6 27.exd5 Bd7 28.Ne4+ Ke7
29.d6+ Ke8 30.Nxg5 Nh4 31.g3 Nf5 32.Bxf5 Bxf5 33.g4 Bd7 34.Ne4 Bc6 35.Nf6+ Kd8
36.f4 a5 37.f5 Ba4 38.g5 Bb3 39.d5 b5 40.g6 {#r} 1-0

[Event "It (open) \"]
[Site "masterchessopen.com Moscow (Russia)"]
[Round "0"]
[White "Golod Vitali (ISR)"]
[Black "Pushkov Nikolai (RUS)"]
[Result "1-0"]
[WhiteElo "2579"]
[BlackElo "2404"]

1.d4 Nf6 2.c4 e6 3.Nc3 Bb4 4.f3 d5 5.a3 Bxc3+ 6.bxc3 c5 7.cxd5 Nxd5 8.dxc5 Qa5
9.e4 Ne7 10.Be3 Qxc3+ 11.Kf2 Nbc6 12.Ne2 Qa5 13.Qe1 Qxe1+ 14.Rxe1 e5 15.Nc3
Be6 16.Nb5 O-O 17.Nd6 Rfb8 18.Rb1 b6 19.Ba6 Na5 20.Rhd1 bxc5 21.Bxc5 Rxb1
22.Rxb1 Nec6 23.g4 h6 24.Kg3 Nb3 25.Rxb3 Bxb3 26.Bb7 Rd8 27.Bxc6 a6 28.a4 g6
29.a5 Kg7 30.h4 g5 31.h5 Rb8 32.Bb7 Kf6 33.Bxa6 Ra8 34.Bb7 {#r} 1-0